000 00287nam a22001337a 4500
008 180824b xxu||||| |||| 00| 0 eng d
020 _a9780727914989
041 _aeng
080 _a61
100 _a2
101 _aSHM
245 _aCLINICAL EVIDENCE
_cMCGUIRE.W.W
942 _2udc
_cBK
999 _c47316
_d47316